书目信息 |
| 题名: |
农业废气物资源化处理技术
|
|
| 作者: | 刘东生 著 | |
| 分册: | ||
| 出版信息: | 中国农业科学技术出版社 北京 2006.10 |
|
| 页数: | 104页 | |
| 开本: | 20cm | |
| 丛书名: | 新农村建设实用技术丛书生态环境治理系列 | |
| 单 册: | ||
| 中图分类: | X71 | |
| 科图分类: | ||
| 主题词: | 农业废物--废物处理 | |
| 电子资源: | ||
| ISBN: | 7-80233-187-0 | |
| 000 | 00680 nam 000229 | |
| 001 | 012000000879 | |
| 005 | 20070902105337.19 | |
| 010 | @a7-80233-187-0@dCNY9.80 | |
| 100 | @a20070715d2006 em y0chiy0121 ea | |
| 101 | @achi | |
| 102 | @aCN@b110000 | |
| 105 | @ay z 000yy | |
| 200 | 10 | @a农业废气物资源化处理技术@9nong ye fei qi wu zi yuan hua chu li ji shu@f刘东生著@Fliu dong shen zhu |
| 210 | @a中国农业科学技术出版社@c北京@d2006.10 | |
| 215 | @a104页@d20cm | |
| 225 | @a新农村建设实用技术丛书生态环境治理系列 | |
| 606 | @a农业废物@x废物处理 | |
| 690 | @aX71@v4 | |
| 701 | 0 | @a刘东生@9liu dong shen@4著 |
| 801 | @aCN@c20070902 | |
| 901 | @a000001 | |
| 905 | @dX71@eL600 | |
| 农业废气物资源化处理技术/刘东生著.-中国农业科学技术出版社:北京,2006.10 |
| 104页;20cm.-(新农村建设实用技术丛书生态环境治理系列) |
| ISBN 7-80233-187-0:CNY9.80 |
| ● |
| 相关链接 |
|
|
|
正题名:农业废气物资源化处理技术
索取号:X71/L600
 
预约/预借
| 序号 | 登录号 | 条形码 | 馆藏地/架位号 | 状态 | 备注 |
| 1 | 642479 | 206424797 | 自科库501/501自科库 108排2列1层/ [索取号:X71/L600] | 在馆 | |
| 2 | 642480 | 206424804 | 自科库501/501自科库 108排2列1层/ [索取号:X71/L600] | 在馆 | |
| 3 | 642481 | 206424813 | 自科库501/501自科库 108排2列1层/ [索取号:X71/L600] | 在馆 |